Toutes les communes des Vosges sur une carte - Statistiques

Statistiques générales
  • Ce quiz a été pris 1 294 fois
    544 depuis la dernière actualisation
  • Le résultat moyen est 81 sur 506
Réponses sur la Carte
Les réponses sont colorées sur une échelle allant du rouge au vert en fonction du pourcentage des utilisateurs qui les ont devinées à leur premier essai. Vous pouvez retrouver ces pourcentages ci-dessous.
 
Statistiques - réponses
Commune Population (2020) % Correct
Épinal 31 832
97%
Saint-Dié-des-Vosges 19 490
86%
Gérardmer 7 822
80%
Remiremont 7 711
74%
Neufchâteau 6 813
71%
Golbey 8 882
67%
Vittel 4 805
67%
La Bresse 4 139
65%
Mirecourt 4 819
62%
Ménil-de-Senones 127
60%
Ménil-en-Xaintois 154
60%
Ménil-sur-Belvitte 292
60%
Rupt-sur-Moselle 3 536
60%
Thaon-les-Vosges 8 583
60%
Charmes 4 625
59%
Rambervillers 5 072
59%
Contrexéville 3 105
58%
Brû 568
55%
Bruyères 3 028
52%
Raon-l'Étape 6 113
50%
Xonrupt-Longemer 1 500
48%
Le Val-d'Ajol 3 860
46%
Saint-Étienne-lès-Remiremont 3 827
46%
Fraize 2 844
45%
Le Thillot 3 316
45%
Vagney 3 900
44%
Le Tholy 1 536
42%
La Vôge-les-Bains 1 589
41%
Saint-Nabord 3 992
41%
Le Ménil 1 005
40%
Plombières-les-Bains 1 566
40%
Nomexy 1 955
39%
Saulxures-lès-Bulgnéville 244
39%
Saulxures-sur-Moselotte 2 514
39%
Xertigny 2 583
39%
Arches 1 628
38%
Celles-sur-Plaine 773
38%
Cornimont 3 062
38%
Bussang 1 339
37%
Anould 3 339
36%
Plainfaing 1 627
35%
Chavelot 1 364
34%
Darney 1 065
34%
Dommartin-lès-Remiremont 1 879
34%
Éloyes 3 110
34%
Grand 348
34%
Jeanménil 1 115
34%
Jeuxey 680
34%
Lépanges-sur-Vologne 827
34%
Sainte-Marguerite 2 286
34%
Saint-Maurice-sur-Mortagne 179
34%
Saint-Maurice-sur-Moselle 1 369
34%
Corcieux 1 500
33%
Dommartin-aux-Bois 389
33%
Dommartin-lès-Vallois 53
33%
Dommartin-sur-Vraine 295
33%
Le Mont 51
33%
Le Syndicat 1 887
33%
Pouxeux 1 968
33%
Archettes 1 104
32%
Bulgnéville 1 537
32%
Dompaire 1 098
32%
Domrémy-la-Pucelle 88
32%
Granges-Aumontzey 2 605
32%
Hadol 2 357
32%
Étival-Clairefontaine 2 558
31%
Uxegney 2 281
31%
Châtel-sur-Moselle 1 718
30%
Igney 1 156
30%
Saint-Amé 2 161
30%
Senones 2 394
30%
Ban-de-Laveline 1 193
29%
Ban-de-Sapt 351
29%
Ban-sur-Meurthe-Clefcy 952
29%
Chantraine 3 190
29%
Cheniménil 1 242
29%
Dogneville 1 504
29%
Le Saulcy 317
29%
Le Valtin 74
29%
Saulcy-sur-Meurthe 2 323
29%
Girancourt 891
28%
Ramonchamp 1 869
28%
Dinozé 633
27%
Moyenmoutier 3 065
27%
Saint-Léonard 1 359
27%
Saint-Michel-sur-Meurthe 1 820
27%
Girmont-Val-d'Ajol 253
26%
La Baffe 618
26%
La Chapelle-aux-Bois 674
26%
La Chapelle-devant-Bruyères 555
26%
Les Forges 1 811
26%
Poussay 675
26%
Ville-sur-Illon 533
26%
Vincey 2 151
26%
Docelles 864
25%
Gerbépal 580
25%
Liffol-le-Grand 2 124
25%
Châtenois 1 719
24%
Deyvillers 1 358
24%
Fresse-sur-Moselle 1 719
24%
Saint-Jean-d'Ormont 117
24%
Tendon 510
24%
Ventron 832
24%
Charmois-devant-Bruyères 384
23%
Charmois-l'Orgueilleux 586
23%
Padoux 492
23%
Raon-aux-Bois 1 221
23%
Lamarche 849
22%
Rochesson 680
22%
Aydoilles 1 006
21%
Dounoux 861
21%
Gironcourt-sur-Vraine 882
21%
Laval-sur-Vologne 631
21%
Taintrux 1 505
21%
Thiéfosse 573
21%
Champ-le-Duc 505
20%
Jarménil 481
20%
Longchamp 453
20%
Longchamp-sous-Châtenois 81
20%
Martigny-les-Bains 807
20%
Martigny-les-Gerbonvaux 111
20%
Sanchey 947
20%
Sercœur 226
20%
Bellefontaine 975
19%
Darnieulles 1 369
19%
Ferdrupt 724
19%
Gerbamont 352
19%
Harol 638
19%
La Forge 518
19%
Provenchères-et-Colroy 1 328
19%
Sapois 633
19%
Uriménil 1 331
19%
Basse-sur-le-Rupt 877
18%
Coussey 711
18%
Fontenay 462
18%
La Neuveville-devant-Lépanges 508
18%
La Neuveville-sous-Châtenois 377
18%
La Neuveville-sous-Montfort 189
18%
La Salle 392
18%
Laveline-devant-Bruyères 580
18%
Laveline-du-Houx 204
18%
La Voivre 672
18%
Mattaincourt 799
18%
Provenchères-lès-Darney 149
18%
Rebeuville 281
18%
Saint-Paul 159
18%
La Croix-aux-Mines 478
17%
Uzemain 1 040
17%
Belmont-lès-Darney 112
16%
Belmont-sur-Buttant 302
16%
Belmont-sur-Vair 130
16%
Cleurie 647
16%
Damas-aux-Bois 272
16%
Damas-et-Bettegney 367
16%
Domèvre-sous-Montfort 58
16%
Domèvre-sur-Avière 420
16%
Domèvre-sur-Durbion 264
16%
Fontenoy-le-Château 496
16%
La Bourgonce 903
16%
Liézey 297
16%
Monthureux-le-Sec 164
16%
Monthureux-sur-Saône 896
16%
Nompatelize 533
16%
Saint-Benoît-la-Chipotte 449
16%
Saint-Remy 517
16%
Vecoux 848
16%
Autrey 280
15%
Bazoilles-et-Ménil 109
15%
Bazoilles-sur-Meuse 605
15%
Dompierre 244
15%
Jussarupt 268
15%
Le Clerjus 479
15%
Lerrain 447
15%
Rehaupal 208
15%
Roville-aux-Chênes 370
15%
Xamontarupt 154
15%
Arrentès-de-Corcieux 184
14%
Brouvelieures 427
14%
Bult 310
14%
Chaumousey 893
14%
Circourt 85
14%
Girecourt-sur-Durbion 353
14%
Raon-sur-Plaine 147
14%
Raves 474
14%
Vomécourt 252
14%
Vomécourt-sur-Madon 69
14%
Attignéville 202
13%
Bainville-aux-Saules 151
13%
Bettegney-Saint-Brice 161
13%
Champdray 191
13%
Évaux-et-Ménil 361
13%
Housseras 486
13%
Les Voivres 292
13%
Lusse 376
13%
Mandray 580
13%
Moussey 561
13%
Portieux 1 230
13%
Remoncourt 573
13%
Rouvres-en-Xaintois 268
13%
Rouvres-la-Chétive 452
13%
Soulosse-sous-Saint-Élophe 658
13%
Villers 196
13%
Wisembach 423
13%
Baudricourt 337
12%
Bleurville 294
12%
Deycimont 306
12%
Dignonville 210
12%
Dombrot-le-Sec 367
12%
Entre-deux-Eaux 500
12%
Escles 418
12%
Fays 212
12%
Frizon 509
12%
Gorhey 172
12%
Grandvillers 738
12%
Hennezel 389
12%
Hurbache 310
12%
La Houssière 527
12%
La Petite-Raon 739
12%
Les Rouges-Eaux 82
12%
Mandres-sur-Vair 440
12%
Moriville 421
12%
Sainte-Hélène 452
12%
Saint-Gorgon 379
12%
Allarmont 200
11%
Aouze 202
11%
Aroffe 89
11%
Attigny 203
11%
Aulnois 168
11%
Autigny-la-Tour 145
11%
Autreville 190
11%
Barbey-Seroux 143
11%
Bayecourt 246
11%
Bertrimoutier 306
11%
Bocquegney 135
11%
Bois-de-Champ 106
11%
Certilleux 213
11%
Chamagne 458
11%
Châtas 39
11%
Coinches 352
11%
Courcelles-sous-Châtenois 78
11%
Denipaire 249
11%
Frain 125
11%
Frapelle 198
11%
Frebécourt 343
11%
Grandrupt-de-Bains 76
11%
Greux 144
11%
Hennecourt 360
11%
Houécourt 437
11%
La Grande-Fosse 137
11%
Landaville 298
11%
La Petite-Fosse 70
11%
Le Roulier 206
11%
Lubine 242
11%
Mazeley 261
11%
Méménil 162
11%
Mortagne 173
11%
Morville 46
11%
Moyemont 226
11%
Pompierre 194
11%
Prey 90
11%
Remomeix 446
11%
Renauvoid 120
11%
Sainte-Barbe 271
11%
Saint-Julien 102
11%
Saint-Ouen-lès-Parey 501
11%
Vaxoncourt 463
11%
Vexaincourt 148
11%
Auzainvilliers 240
10%
Badménil-aux-Bois 144
10%
Belval 155
10%
Bouxurulles 176
10%
Dombasle-devant-Darney 78
10%
Dombasle-en-Xaintois 120
10%
Fremifontaine 435
10%
Gemaingoutte 146
10%
Grandrupt 77
10%
Gugney-aux-Aulx 166
10%
Harchéchamp 78
10%
Haréville 476
10%
Herpelmont 278
10%
Hymont 488
10%
Juvaincourt 181
10%
Lignéville 302
10%
Nayemont-les-Fosses 773
10%
Neuvillers-sur-Fave 354
10%
Norroy 213
10%
Oëlleville 297
10%
Pair-et-Grandrupt 502
10%
Rainville 281
10%
Romont 369
10%
Rozerotte 187
10%
Saint-Remimont 220
10%
Sandaucourt 168
10%
They-sous-Montfort 127
10%
Ubexy 167
10%
Vicherey 191
10%
Viménil 247
10%
Vrécourt 352
10%
Damblain 251
9%
Destord 244
9%
Essegney 746
9%
Faucompierre 231
9%
Fiménil 227
9%
Gruey-lès-Surance 224
9%
Gugnécourt 258
9%
Hadigny-les-Verrières 380
9%
Le Beulay 92
9%
Luvigny 113
9%
Mont-lès-Neufchâteau 300
9%
Pallegney 168
9%
Socourt 283
9%
Tilleux 66
9%
Valfroicourt 233
9%
Vioménil 154
9%
Xaronval 111
9%
Zincourt 77
9%
Ainvelle 129
8%
Anglemont 169
8%
Avranville 69
8%
Balléville 98
8%
Barville 91
8%
Bazien 79
8%
Beaufremont 88
8%
Beauménil 131
8%
Biffontaine 395
8%
Brechainville 60
8%
Châtillon-sur-Saône 110
8%
Chermisey 93
8%
Claudon 213
8%
Combrimont 134
8%
Dolaincourt 101
8%
Doncières 140
8%
Esley 185
8%
Fréville 131
8%
Gigney 56
8%
Gircourt-lès-Viéville 194
8%
Haillainville 178
8%
Isches 173
8%
Langley 152
8%
Le Puid 114
8%
Lesseux 139
8%
Les Thons 101
8%
Le Vermont 72
8%
Madonne-et-Lamerey 407
8%
Marey 66
8%
Maxey-sur-Meuse 216
8%
Midrevaux 188
8%
Morelmaison 195
8%
Morizécourt 99
8%
Pierrefitte 117
8%
Rehaincourt 356
8%
Removille 209
8%
Saint-Stail 72
8%
Sartes 95
8%
Sauville 176
8%
Serécourt 98
8%
Tollaincourt 118
8%
Totainville 120
8%
Tranqueville-Graux 103
8%
Valleroy-le-Sec 183
8%
Vaudéville 185
8%
Vienville 125
8%
Villoncourt 108
8%
Vouxey 160
8%
Xaffévillers 140
8%
Ahéville 73
7%
Ambacourt 282
7%
Avillers 83
7%
Avrainville 124
7%
Bazegney 107
7%
Begnécourt 148
7%
Belrupt 94
7%
Bettoncourt 96
7%
Bonvillet 281
7%
Bouxières-aux-Bois 136
7%
Bouzemont 52
7%
Brantigny 209
7%
Circourt-sur-Mouzon 183
7%
Clézentaine 221
7%
Crainvilliers 178
7%
Domfaing 213
7%
Domptail 344
7%
Florémont 477
7%
Fomerey 147
7%
Gendreville 105
7%
Gignéville 77
7%
Harmonville 217
7%
Houéville 43
7%
Jainvillotte 74
7%
La Haye 131
7%
Les Poulières 287
7%
Nossoncourt 126
7%
Ollainville 74
7%
Pargny-sous-Mureau 181
7%
Pierrepont-sur-l'Arentèle 135
7%
Pleuvezain 76
7%
Ramecourt 177
7%
Regney 99
7%
Repel 81
7%
Romain-aux-Bois 49
7%
Saint-Pierremont 152
7%
Saint-Vallier 100
7%
Serocourt 84
7%
Sionne 145
7%
Suriauville 210
7%
Trampot 99
7%
Trémonzey 251
7%
Valleroy-aux-Saules 253
7%
Vieux-Moulin 311
7%
Villotte 143
7%
Viocourt 162
7%
Viviers-lès-Offroicourt 34
7%
Aingeville 62
6%
Ameuvelle 48
6%
Biécourt 94
6%
Chef-Haut 47
6%
Clérey-la-Côte 32
6%
Deinvillers 56
6%
Derbamont 109
6%
Dombrot-sur-Vair 241
6%
Domjulien 174
6%
Fauconcourt 142
6%
Frenelle-la-Grande 108
6%
Frenelle-la-Petite 47
6%
Gemmelaincourt 135
6%
Godoncourt 115
6%
Hagnéville-et-Roncourt 86
6%
Hardancourt 38
6%
Jésonville 138
6%
Jorxey 83
6%
La Vacheresse-et-la-Rouillie 117
6%
Lemmecourt 28
6%
Les Ableuvenettes 56
6%
Les Vallois 117
6%
Lironcourt 73
6%
Maconcourt 70
6%
Madegney 143
6%
Malaincourt 79
6%
Mazirot 232
6%
Moncel-sur-Vair 192
6%
Mont-lès-Lamarche 98
6%
Nonville 193
6%
Offroicourt 154
6%
Ortoncourt 84
6%
Parey-sous-Montfort 163
6%
Puzieux 147
6%
Racécourt 152
6%
Rancourt 66
6%
Rapey 23
6%
Relanges 196
6%
Robécourt 105
6%
Rugney 131
6%
Ruppes 141
6%
Saint-Baslemont 77
6%
Saint-Genest 135
6%
Savigny 187
6%
Soncourt 43
6%
Thuillières 115
6%
Tignécourt 98
6%
Urville 56
6%
Vaubexy 119
6%
Vaudoncourt 161
6%
Vervezelle 134
6%
Villouxel 87
6%
Battexey 36
5%
Blémerey 34
5%
Blevaincourt 93
5%
Boulaincourt 66
5%
Darney-aux-Chênes 67
5%
Fouchécourt 43
5%
Grignoncourt 47
5%
Hergugney 130
5%
Jubainville 91
5%
Marainville-sur-Madon 97
5%
Martinvelle 132
5%
Médonville 61
5%
Ménarmont 62
5%
Montmotier 37
5%
Nonzeville 54
5%
Pont-lès-Bonfays 106
5%
Pont-sur-Madon 188
5%
Punerot 153
5%
Remicourt 66
5%
Saint-Menge 125
5%
Saint-Prancher 73
5%
Sans-Vallois 128
5%
Senaide 183
5%
Senonges 134
5%
Seraumont 34
5%
Velotte-et-Tatignécourt 159
5%
Viviers-le-Gras 195
5%
Chauffecourt 42
4%
Domvallier 100
4%
Estrennes 97
4%
Fignévelle 48
4%
Frénois 53
4%
Gelvécourt-et-Adompt 107
4%
Hagécourt 128
4%
Légéville-et-Bonfays 61
4%
Madecourt 47
4%
Regnévelle 122
4%
Rozières-sur-Mouzon 68
4%
Varmonzey 23
4%
Vroville 131
4%
Maroncourt 6
3%
Thiraucourt 99
3%
Aucun quiz correspondant
Distribution des résultats
% des personnes avec chaque résultat
Percentile par nombre de réponses
Votre historique - résultats
Vous n’avez pas pris ce quiz depuis la dernière actualisation